ბათუმის შოთა რუსთაველის სახელმწიფო უნივერსიტეტის ბიბლიოთეკა

გერმანული ენის გრამატიკა სავარჯიშოებით (ბიბ.ჩანაწერი № 51142)

000 -LEADER
fixed length control field 00847nam a2200253Ia 4500
001 - CONTROL NUMBER
control field 18099
003 - CONTROL NUMBER IDENTIFIER
control field GE_BSU
008 - FIXED-LENGTH DATA ELEMENTS--GENERAL INFORMATION
fixed length control field 181216s||||||||xx |||||||||||||| ||und||
020 ## - INTERNATIONAL STANDARD BOOK NUMBER
International Standard Book Number 9789994025046
040 ## - CATALOGING SOURCE
Transcribing agency GE_BSU
080 ## - UNIVERSAL DECIMAL CLASSIFICATION NUMBER
Universal Decimal Classification number 811.112.2-84
100 ## - MAIN ENTRY--PERSONAL NAME
Personal name ფარცვანია,რეზო
245 ## - TITLE STATEMENT
Title გერმანული ენის გრამატიკა სავარჯიშოებით
245 ## - TITLE STATEMENT
Remainder of title Deutsche Grammatik in Ubungen
245 ## - TITLE STATEMENT
Statement of responsibility, etc. red. mag. Volker Ludke
260 ## - PUBLICATION, DISTRIBUTION, ETC.
Place of publication, distribution, etc. ფოთი
260 ## - PUBLICATION, DISTRIBUTION, ETC.
Date of publication, distribution, etc. 2007
300 ## - PHYSICAL DESCRIPTION
Extent 396გვ.30სმ.
653 ## - INDEX TERM--UNCONTROLLED
Uncontrolled term Deutsche Grammatik in Ubungen
653 ## - INDEX TERM--UNCONTROLLED
Uncontrolled term გერმანული ენა
653 ## - INDEX TERM--UNCONTROLLED
Uncontrolled term გერმანული ენის გრამატიკა სავარჯიშოებით
942 ## - ADDED ENTRY ELEMENTS (KOHA)
Koha item type წიგნი
ეგზემპლარები
Withdrawn status Lost status Damaged status Not for loan Date acquired Barcode Date last seen Price effective from Koha item type
        2018-12-17 46190 2018-12-17 2018-12-17 წიგნი
        2018-12-17 46191 2018-12-17 2018-12-17 წიგნი
        2018-12-17 46192 2018-12-17 2018-12-17 წიგნი
        2018-12-17 46193 2018-12-17 2018-12-17 წიგნი
        2018-12-17 2161 2018-12-17 2018-12-17 წიგნი
        2018-12-17 2160 2018-12-17 2018-12-17 წიგნი
        2018-12-17 2162 2018-12-17 2018-12-17 წიგნი
        2018-12-17 2163 2018-12-17 2018-12-17 წიგნი
        2018-12-17 2164 2018-12-17 2018-12-17 წიგნი
        2018-12-17 2167 2018-12-17 2018-12-17 წიგნი
        2018-12-17 2168 2018-12-17 2018-12-17 წიგნი
        2018-12-17 2169 2018-12-17 2018-12-17 წიგნი